Edición extraordinaria dedicada a la ciudad de Bogotá en el iv centenario de su fundación (Registro nro. 311387)

Detalles MARC
000 -ENCABEZADO
Número de control [NR] 02137nam a2200229 4500
005 - FECHA Y HORA DE LA ÚLTIMA TRANSACCIÓN
control field 20190115145133.0
008 - DE LONGITUD FIJA DE DATOS DE ELEMENTOS - INFORMACIÓN GENERAL
Elementos de longitud fija [NR] 190115n ck |||fr|||| 001 0 spa d
040 ## - FUENTE DE CATALOGACION [NR]
Agencia de catalogación original [NR] CO-BoUCM
Idioma de catalogación [NR] spa
Quien Cataloga Sandra Yazo
Quien Clasifica Sandra Yazo
041 0# - CODIGO DE IDIOMA [R]
Código de idioma para texto/pista de sonido o título separado [R] Español
082 04 - NUMERO DE CLASIFICACION DECIMAL DEWEY [R]
Número de la edición [NR] 20
Número de clasificación [R] 986.103
092 ## - SIGNATURA TOPOGRAFICA LOCAL
Número de clasificación local E63N110
110 ## - ASIENTO PRINCIPAL--NOMBRE CORPORATIVO [NR]
Nombre corporativo o de jurisdicción como elemento de entrada [NR] Colombia
Unidad subordinada [R] Ministerio de Educación Nacional Bogotá
ID de autoridad 95110
245 10 - MENCION DE TITULO [NR]
Título [NR] Edición extraordinaria dedicada a la ciudad de Bogotá en el iv centenario de su fundación
260 ## - PUBLICACION, DISTRIBUCION, ETC. (PIE DE IMPRENTA) [R]
Lugar de publicación, distribución, etc. [R] Bogotá (Colombia)
Nombre del editor, distribuidor, etc. [R] Imprenta Nacional ; Archivo Nacional
Fecha de publicación, distribución, etc. [R] [fecha desconocida]
300 ## - DESCRIPCION FISICA [R]
Extensión [R] 195 páginas
Dimensiones [R] 25 x 17 cm.
490 #0 - MENCION DE SERIE [R]
Mención de serie [R] Revista del Archivo Nacional
Designación numérica/secuencial del volumen [NR] 19
500 ## - NOTA GENERAL [R]
Nota general [NR] Detalles físicos: Encuadernación flexible en cartulina. Tapas impresas en tinta negra. Hoja de cortesía. Portada impresa en una sola tinta. Texto impreso en una sola columna. Mayúsculas capitales. Ejemplar en buen estado de conservación
505 2# - NOTA DE CONTENIDO CON FORMATO PREESTABLECIDO [R]
Nota de contenido con formato preestablecido [NR] Autógrafo de D. Gonzalo Jiménez de Quesada ; Nota de la Dirección ; Asusto en que ordena empedrar las calles, hacer casas de teja y otras cosas en Santafe ; Constituciones de la casa de expósitos y divorciadas, fundada por orden del rey ; Disposiciones para que se dieran mayor solemnidad a la festividad del Corpus Christi ; Documentos referentes a la donación de un lote de terreno para el convento de San Francisco ; Disposición del señor Virrey Messías de la Zerda sobre correos 1770 ; Observaciones meteorológicas hechas en santa fe en el año 1788 ; Nombramiento de Regidor hecho por el ilustre Cabildo de Santafé en la persona de Dn. Juan José de San Llorente ; Bando público sobre el abuso de los regatones y revendedores y sobre el peso que había de tener el pan, sobre todo lo cual se pedía informe al cabildo ; Real cédula sobre cacicazgo de Anserma ; Visita de las boticas de Santafe y arancel de las drogas que en ella se vendían, 1725 ; Real cedula que prohibió el tráfico de esclavos negros entre las cosas de África y los dominios españoles
506 ## - NOTA DE RESTRICCIONES DE ACCESO [R]
Condiciones de acceso [NR] Consulta en sala
651 ## - ASIENTO SECUNDARIO DE MATERIA - NOMBRE GEOGRAFICO [R]
Nombre geográfico [NR] Bogotá (Colombia)
Subdivisión general [R] Historia
Subdivisión cronológica [R] 1535-1938
9 (RLIN) 95111
942 ## - ELEMENTOS DE ENTRADA AGREGADOS (KOHA)
Sistema de clasificación LOCAL
Tipo de ítem principal el descrito en 300a Libro
Edición 1
Clasificación E63N110
Existencias
Suprimido Perdido Sistema de clasificación Dañado No prestable Tipo de ítem específico Ubicación habitual Ubicación actual Localización Fecha de creación Forma de adquisición Costo Total préstamos Signatura topográfica Código de barras Última vez visto Ejemplar Price effective from Tipo de ítem
    LOCAL     Libro archivo Archivo Histórico Archivo Histórico Archivo histórico 15/01/2019 Donación 0.00   E63N110 L009800 15/01/2019 Ej.1 15/01/2019 Libro